[Event "Sparkassen-Open B"]
[Site "Heusenstamm, Martinsee"]
[Date "2022.11.19"]
[Round "4.1"]
[White "Schmid, Leon"]
[Black "Vranckx, Oscar"]
[Result "0-1"]
[WhiteElo "1568"]
[BlackElo "1629"]
[PlyCount "138"]
[EventDate "2022.??.??"]
[WhiteTeam "Sfr.Heidesheim"]
[BlackTeam "Sfr.Mainz 1928"]

1. e4 c5 2. Nf3 Nc6 3. g3 Nf6 4. d3 d5 5. Nbd2 e5 6. Bg2 Be7 7. O-O O-O 8. exd5
Nxd5 9. Nc4 f6 10. a4 Be6 11. Re1 Qc7 12. c3 Rad8 13. Qe2 Nb6 14. Nxb6 Qxb6 15.
Be3 Bf5 16. Red1 Qa6 17. Bf1 Be6 18. d4 c4 19. d5 Rxd5 20. Qxc4 Qa5 21. b4 Qd8
22. Rxd5 Bxd5 23. Qe2 Qc7 24. Nd2 f5 25. Nc4 b6 26. Rd1 Bf7 27. Bg2 f4 28. gxf4
exf4 29. Bc1 Nb8 30. Bd5 Bxd5 31. Rxd5 Qc6 32. Rd4 Qg6+ 33. Kf1 Bg5 34. Qe4 Qh6
35. Kg1 Bf6 36. Qd5+ Kh8 37. Rxf4 Qg6+ 38. Kf1 Re8 39. Rf3 Qc2 40. Qd2 Qxa4 41.
Nd6 Rf8 42. Qd5 Qd7 43. Bf4 Na6 44. Re3 Nc7 45. Nf7+ Qxf7 46. Qxf7 Rxf7 47.
Bxc7 h6 48. Re8+ Kh7 49. Be5 Bg5 50. Bd4 Kg6 51. Kg2 Kf5 52. Kf3 Be7 53. Rg8
Bf8 54. Rh8 Kg5+ 55. Kg3 Rf5 56. f4+ Kg6 57. Kg4 h5+ 58. Kg3 Kf7 59. Be5 a5 60.
bxa5 bxa5 61. Kh4 Kg6 62. c4 a4 63. c5 Bxc5 64. Rc8 Be7+ 65. Kg3 Rf7 66. Rc6+
Kf5 67. Ra6 a3 68. Ra5 Ke4 69. Ra7 Bh4+ 0-1

[Event "Sparkassen-Open B"]
[Site "Heusenstamm, Martinsee"]
[Date "2022.11.19"]
[Round "4.2"]
[White "Sheng, Ming"]
[Black "Althaus, Lennart"]
[Result "1-0"]
[WhiteElo "1385"]
[BlackElo "1600"]
[PlyCount "65"]
[EventDate "2022.??.??"]
[WhiteTeam "SC Rochade Saarlouis 1993"]
[BlackTeam "TV-Großostheim"]

1. e4 c6 2. Nc3 d5 3. Nf3 dxe4 4. Nxe4 Bf5 5. Ng3 Bg6 6. h4 h6 7. Ne5 Bh7 8.
Qf3 Nf6 9. Qb3 Qc7 10. Qxf7+ Kd8 11. Qe6 Bg8 12. Qf5 Bh7 13. Qf4 Ke8 14. Bd3
Nbd7 15. Bg6+ Bxg6 16. Nxg6 e5 17. Qf5 Rg8 18. Qe6+ Kd8 19. Ne4 Qb6 20. Nxf6
Nxf6 21. O-O Bc5 22. Nxe5 Re8 23. Qf5 Bd4 24. Nc4 Bxf2+ 25. Qxf2 Qxf2+ 26. Rxf2
Re1+ 27. Rf1 Re2 28. c3 Kc7 29. d4 g5 30. hxg5 hxg5 31. Bxg5 Ne4 32. Bf4+ Kd7
33. Rae1 1-0

[Event "Sparkassen-Open B"]
[Site "Heusenstamm, Martinsee"]
[Date "2022.11.19"]
[Round "4.3"]
[White "Fernandez Garcia, Alfonso Javier"]
[Black "Müller, Riyanna"]
[Result "0-1"]
[WhiteElo "1610"]
[BlackElo "1475"]
[PlyCount "108"]
[EventDate "2022.??.??"]
[WhiteTeam "SV 1926 Neu-Isenburg"]
[BlackTeam "SC Landskrone"]

1. e4 d5 2. exd5 Qxd5 3. Nc3 Qd6 4. Nf3 Nf6 5. Be2 Nc6 6. h3 g6 7. d3 Bg7 8.
O-O O-O 9. Re1 Bf5 10. Nb5 Qd7 11. c3 Nd5 12. d4 Rad8 13. Bg5 h6 14. Bh4 Nf4
15. Bf1 a6 16. Na3 g5 17. Bg3 Nh5 18. Ne5 Nxe5 19. Bxe5 Bg6 20. Nc4 f6 21. Bh2
b5 22. Nd2 c5 23. Nf3 cxd4 24. Nxd4 e5 25. Nc2 Qxd1 26. Raxd1 Bxc2 27. Rc1 Rd2
28. c4 Bd3 29. c5 Bxf1 30. Kxf1 Rc8 31. Re3 Rxb2 32. Rd3 Rb4 33. Rdc3 Rc6 34.
f3 Nf4 35. Bg1 Bf8 36. a3 Rc4 37. Rxc4 bxc4 38. Rxc4 Ne6 39. Ke2 Bxc5 40. Bxc5
Rxc5 41. Kd3 Nf4+ 42. Kc3 Rxc4+ 43. Kxc4 Nxg2 44. Kb4 Ne3 45. a4 Nd5+ 46. Kc5
Nc3 47. a5 Na4+ 48. Kb4 f5 49. Kxa4 h5 50. Kb4 g4 51. hxg4 h4 52. Kc5 h3 53.
Kb6 h2 54. Kxa6 h1=Q 0-1

[Event "Sparkassen-Open B"]
[Site "Heusenstamm, Martinsee"]
[Date "2022.11.19"]
[Round "4.4"]
[White "Huck, Robert"]
[Black "Reitz, Helmut"]
[Result "1-0"]
[WhiteElo "1782"]
[BlackElo "1656"]
[PlyCount "115"]
[EventDate "2022.??.??"]
[WhiteTeam "SC Königsspringer Alzenau"]
[BlackTeam "SV Würzburg von 1865"]

1. e4 d5 2. exd5 Nf6 3. Bb5+ Bd7 4. Bc4 c6 5. dxc6 Nxc6 6. Nf3 Bg4 7. h3 Bh5 8.
g4 Bg6 9. d3 e6 10. Nc3 Bb4 11. Bd2 O-O 12. a3 Ba5 13. Qe2 a6 14. O-O Bc7 15.
Ne4 Nxe4 16. dxe4 Qd6 17. Bc3 b5 18. e5 Qe7 19. Bd3 Rfd8 20. Bxg6 hxg6 21. Qe4
Rd5 22. Rad1 Rad8 23. Rd3 Rxd3 24. cxd3 Rd5 25. Rc1 Qd7 26. d4 Bb6 27. b4 a5
28. bxa5 Bxa5 29. Bxa5 Nxa5 30. Qc2 Nc4 31. a4 Nb6 32. Qc6 Qxc6 33. Rxc6 Nd7
34. a5 b4 35. Rc8+ Nf8 36. Rc5 b3 37. Rxd5 exd5 38. Nd2 b2 39. a6 Nd7 40. a7
Nb6 41. Kf1 Kf8 42. Ke1 Ke7 43. Kd1 Kd7 44. Kc2 Kc7 45. Kxb2 Kb7 46. a8=Q+ Nxa8
47. Kc3 Kc6 48. Nb3 Nc7 49. Nc5 g5 50. Kd3 g6 51. Ke3 Ne8 52. f4 gxf4+ 53. Kxf4
f6 54. exf6 Nxf6 55. Kg5 Ne4+ 56. Nxe4 dxe4 57. Kf4 g5+ 58. Kxe4 1-0

[Event "Sparkassen-Open B"]
[Site "Heusenstamm, Martinsee"]
[Date "2022.11.19"]
[Round "4.5"]
[White "Billerbeck, Nick"]
[Black "Steinke, Hans-Jörg"]
[Result "1-0"]
[WhiteElo "1582"]
[BlackElo "1733"]
[PlyCount "63"]
[EventDate "2022.??.??"]
[WhiteTeam "SV Unterkochen"]
[BlackTeam "SV Erkenschwick"]

1. e4 e6 2. d4 d5 3. Nd2 Nf6 4. e5 Nfd7 5. Bd3 c5 6. c3 Nc6 7. Ne2 cxd4 8. cxd4
Qb6 9. Nf3 Bb4+ 10. Bd2 Bxd2+ 11. Qxd2 O-O 12. O-O f5 13. exf6 Nxf6 14. a3 Bd7
15. b4 Rac8 16. Rac1 Ne7 17. Nc3 Nf5 18. Rfe1 g6 19. Bf1 Kg7 20. b5 Qd6 21. Qb2
Qf4 22. Ne2 Qd6 23. Ne5 Qb6 24. a4 Nd6 25. Nf4 Rxc1 26. Nxd7 Rxe1 27. Nxb6 axb6
28. Qb4 Re4 29. Qxd6 Rxf4 30. Qxf4 Ne4 31. Qc7+ Rf7 32. Qe5+ 1-0

[Event "Sparkassen-Open B"]
[Site "Heusenstamm, Martinsee"]
[Date "2022.11.19"]
[Round "4.6"]
[White "Merz, Leander"]
[Black "Englert, Fred"]
[Result "1-0"]
[WhiteElo "1470"]
[BlackElo "1713"]
[PlyCount "63"]
[EventDate "2022.??.??"]
[WhiteTeam "Schachforum Darmstadt 1994"]
[BlackTeam "SK Klingenberg"]

1. e4 c6 2. d4 d5 3. e5 Bf5 4. h4 h5 5. Bg5 Qb6 6. Bd3 Bxd3 7. Qxd3 e6 8. Nd2
Nd7 9. Ngf3 c5 10. c4 Ne7 11. O-O cxd4 12. cxd5 Nxd5 13. Nc4 Qa6 14. Rac1 b5
15. Ncd2 Be7 16. Bxe7 Nxe7 17. Nxd4 Nxe5 18. Qe4 Rd8 19. Qxe5 O-O 20. N2f3 Rd5
21. Qg3 Qxa2 22. Rc7 Ng6 23. Nxe6 Re8 24. Nf4 Rd6 25. Nxh5 Red8 26. Re1 Rd1 27.
Rxd1 Rxd1+ 28. Kh2 Qa1 29. Rc8+ Kh7 30. Ng5+ Kh6 31. Nxf7+ Kh7 32. Rh8+ 1-0

[Event "Sparkassen-Open B"]
[Site "Heusenstamm, Martinsee"]
[Date "2022.11.19"]
[Round "4.7"]
[White "Deboer, Alex"]
[Black "Wu, Sifan"]
[Result "0-1"]
[WhiteElo "1206"]
[BlackElo "1659"]
[PlyCount "148"]
[EventDate "2022.??.??"]
[WhiteTeam "SK Bickenbach"]
[BlackTeam "SV Oberursel"]

1. e4 c5 2. Nc3 Nc6 3. Bb5 e6 4. Nge2 Nge7 5. O-O a6 6. Bxc6 Nxc6 7. f4 d6 8.
d3 Be7 9. Ng3 Nd4 10. Nce2 Bf6 11. h3 Nxe2+ 12. Qxe2 e5 13. f5 Rg8 14. Qh5 h6
15. Qf3 Bd7 16. Be3 Bb5 17. c4 Bc6 18. Nh5 Qe7 19. Rab1 a5 20. a3 a4 21. Qg4
O-O-O 22. b4 axb3 23. Rxb3 Kc7 24. Qe2 Bg5 25. Qd2 f6 26. Rfb1 Ra8 27. Ng3 Ra6
28. Nf1 Rga8 29. Qb2 Bxe3+ 30. Nxe3 R8a7 31. Nd5+ Bxd5 32. cxd5 Kc8 33. Qc1 Qc7
34. g4 Ra4 35. h4 Qa5 36. Rb5 Qd8 37. R1b3 R4a5 38. Kf2 Rxb5 39. Rxb5 b6 40. h5
Kc7 41. Qb2 Ra6 42. Qc3 Qa8 43. Rb3 Ra4 44. Kf3 Qa5 45. Qxa5 Rxa5 46. Ke3 b5
47. Rc3 Kb6 48. Rb3 Ra4 49. Rc3 Ka5 50. Kd2 Rd4 51. Kc2 Ka4 52. Rb3 Ka5 53. Rc3
c4 54. dxc4 bxc4 55. Re3 Kb5 56. Kc1 Ka5 57. Kc2 Kb5 58. Kc1 Ka5 59. Kc2 Ka4
60. Kc1 Rd3 61. Rxd3 cxd3 62. Kd2 Kxa3 63. Kxd3 Kb3 64. Kd2 Kc4 65. Ke3 Kc3 66.
Ke2 Kd4 67. Kf3 Kd3 68. g5 fxg5 69. Kg3 Kxe4 70. Kg4 Kxd5 71. f6 gxf6 72. Kf5
e4 73. Kxf6 e3 74. Kg6 e2 0-1

[Event "Sparkassen-Open B"]
[Site "Heusenstamm, Martinsee"]
[Date "2022.11.19"]
[Round "4.8"]
[White "Dubinker, Philipp"]
[Black "Derr, Oleg"]
[Result "1/2-1/2"]
[WhiteElo "1614"]
[BlackElo "1497"]
[PlyCount "113"]
[EventDate "2022.??.??"]
[WhiteTeam "SK Marburg 1931/72"]
[BlackTeam "VSG 1880 Offenbach"]

1. e4 c6 2. d4 d5 3. exd5 cxd5 4. Bd3 Nc6 5. c3 Nf6 6. Bf4 Bg4 7. Qb3 Qd7 8.
Nd2 e6 9. Ngf3 Bd6 10. Bxd6 Qxd6 11. Qxb7 Rb8 12. Qa6 O-O 13. Rb1 Rb6 14. Qa4
Rfb8 15. Qc2 e5 16. dxe5 Nxe5 17. Nxe5 Qxe5+ 18. Kf1 Re6 19. f3 Bf5 20. Nb3 Bg6
21. Nd4 Reb6 22. b3 Rc8 23. Bxg6 hxg6 24. Qd2 Nd7 25. Kf2 Qf6 26. Rhe1 Nc5 27.
Kg1 Ne6 28. Nxe6 fxe6 29. Rbc1 Rbc6 30. h3 Rxc3 31. Rxc3 Rxc3 32. Rxe6 Rc1+ 33.
Qxc1 Qxe6 34. Kf2 Qe5 35. Qd2 Kh7 36. b4 Qd6 37. Qd4 Qd7 38. h4 Qd8 39. g3 Qd6
40. f4 a6 41. g4 Qc6 42. Kf3 Qb5 43. Kf2 Qd7 44. Kg3 Qe6 45. Qe5 Qb6 46. Qxd5
Qg1+ 47. Qg2 Qe1+ 48. Qf2 Qxb4 49. Kh2 Qa4 50. Qd2 Qc4 51. Kg3 Qc5 52. Kh2 Qe7
53. Qf2 Qe6 54. f5 Qd6+ 55. Kg1 Qd1+ 56. Kh2 Qxg4 57. fxg6+ 1/2-1/2

[Event "Sparkassen-Open B"]
[Site "Heusenstamm, Martinsee"]
[Date "2022.11.19"]
[Round "4.9"]
[White "Gold, Jan Christian"]
[Black "Papadopoulos, Leon"]
[Result "1-0"]
[WhiteElo "1564"]
[BlackElo "1399"]
[PlyCount "83"]
[EventDate "2022.??.??"]
[WhiteTeam "SK Bad Homburg 1927"]
[BlackTeam "SV Oberursel"]

1. d4 d5 2. c4 e6 3. Nf3 Nf6 4. Nc3 Be7 5. Bf4 c6 6. e3 b6 7. cxd5 exd5 8. Rc1
Bb7 9. Bd3 Nbd7 10. O-O O-O 11. Bg3 c5 12. Ne5 Nxe5 13. dxe5 Ne4 14. f4 Nxg3
15. hxg3 c4 16. Bb1 Bc5 17. Kf2 d4 18. Bxh7+ Kxh7 19. Qh5+ Kg8 20. Rh1 dxe3+
21. Kf1 f6 22. e6 Qd3+ 23. Ne2 Bxg2+ 24. Kxg2 Qe4+ 25. Kf1 Qxe6 26. f5 Qd6 27.
Nf4 Rfe8 28. Qh7+ Kf7 29. Qg6+ Ke7 30. Rh7 Kd8 31. Qxg7 Qe7 32. Ne6+ Kc8 33.
Qg6 e2+ 34. Kxe2 Qf8 35. Rch1 Qg8 36. Kf3 Qxg6 37. fxg6 Rxe6 38. Rh8+ Kb7 39.
R1h7+ Kc6 40. Rxa8 Re3+ 41. Kg2 Bd6 42. g7 1-0

[Event "Sparkassen-Open B"]
[Site "Heusenstamm, Martinsee"]
[Date "2022.11.19"]
[Round "4.10"]
[White "Eremenko, Christian"]
[Black "Lee, Kwan Ho Matthew"]
[Result "0-1"]
[WhiteElo "1785"]
[BlackElo "1606"]
[PlyCount "42"]
[EventDate "2022.??.??"]
[WhiteTeam "SV KS 1929 Großauheim"]
[BlackTeam "SV Oberursel"]

1. e4 c6 2. d4 d5 3. exd5 cxd5 4. Nc3 Nc6 5. Bd3 Nf6 6. h3 Nxd4 7. Bxh7 Nc6 8.
Bd3 e5 9. a3 Bc5 10. Nge2 Ng4 11. O-O Qh4 12. Qe1 Be6 13. Nb5 O-O-O 14. b4 Bb6
15. c4 dxc4 16. Be4 Nxf2 17. Rxf2 Qxe4 18. Bb2 Qg6 19. Kh2 Bxf2 20. Qxf2 Rd3
21. Bxe5 Rdxh3+ 0-1

[Event "Sparkassen-Open B"]
[Site "Heusenstamm, Martinsee"]
[Date "2022.11.19"]
[Round "4.11"]
[White "Gräßer, Malte"]
[Black "Bigott, Martin"]
[Result "0-1"]
[WhiteElo "1605"]
[BlackElo "1772"]
[PlyCount "54"]
[EventDate "2022.??.??"]
[WhiteTeam "Sfr.Heidesheim"]
[BlackTeam "SK Köln-Südwest"]

1. e4 Nf6 2. e5 Nd5 3. d4 d6 4. c4 Nb6 5. exd6 exd6 6. Nc3 Be7 7. Be3 c6 8. Bd3
Be6 9. b3 d5 10. c5 N6d7 11. Nge2 Nf6 12. h3 b5 13. Nf4 Bd7 14. Qd2 a5 15. a3
Na6 16. Na2 Nc7 17. O-O-O Ne6 18. Rde1 O-O 19. g4 Kh8 20. Reg1 Bxc5 21. dxc5 d4
22. Qc2 dxe3 23. fxe3 Ng5 24. Rg3 Qe7 25. b4 axb4 26. axb4 Ra4 27. Re1 Rfa8 0-1

[Event "Sparkassen-Open B"]
[Site "Heusenstamm, Martinsee"]
[Date "2022.11.19"]
[Round "4.12"]
[White "Gerhard, Dominik"]
[Black "Füssel, Jan Michael"]
[Result "1/2-1/2"]
[WhiteElo "1593"]
[BlackElo "1754"]
[PlyCount "115"]
[EventDate "2022.??.??"]
[WhiteTeam "SV Oberursel"]
[BlackTeam "VSG 1880 Offenbach"]

1. c4 c5 2. Nf3 Nc6 3. d4 cxd4 4. Nxd4 g6 5. e4 Bg7 6. Be3 Nf6 7. Nc3 Ng4 8.
Qxg4 Nxd4 9. Qd1 Ne6 10. Be2 Qa5 11. Qd2 O-O 12. O-O Re8 13. a3 d6 14. b4 Qd8
15. Rac1 b6 16. Nd5 Bb7 17. Rc2 Rc8 18. Rfc1 Nc7 19. f3 Qd7 20. Nf4 Bc6 21. Bd1
Red8 22. Nd3 Ne6 23. Qf2 Ba4 24. Rd2 Bxd1 25. Rdxd1 Qa4 26. Qa2 Rc7 27. Nb2
Bxb2 28. Qxb2 Rxc4 29. Rd3 Rdc8 30. Rdc3 Rxc3 31. Rxc3 Qd7 32. Qc1 Rxc3 33.
Qxc3 Qc7 34. Qb3 h5 35. h3 Kg7 36. Qb2+ f6 37. Qb3 Nf8 38. Bd4 b5 39. Qd5 a6
40. Qa8 Qc1+ 41. Kh2 Qxa3 42. Qe8 e5 43. Qe7+ Kg8 44. Bf2 Nh7 45. Qxd6 Qa2 46.
Bc5 h4 47. Qd7 Qf7 48. Qc8+ Kg7 49. Qxa6 Qd7 50. Bf2 g5 51. Bc5 Kg6 52. Qa8 Kg7
53. Qb8 Qc6 54. Qd8 Qe6 55. Qc7+ Kg6 56. Qb7 Qe8 57. Qd5 Kg7 58. Qb7+ 1/2-1/2

[Event "Sparkassen-Open B"]
[Site "Heusenstamm, Martinsee"]
[Date "2022.11.19"]
[Round "4.13"]
[White "Degenhardt, Andreas"]
[Black "Burow, Roger"]
[Result "1/2-1/2"]
[WhiteElo "1744"]
[BlackElo "1598"]
[PlyCount "140"]
[EventDate "2022.??.??"]
[WhiteTeam "SC 1970 Lorsch"]
[BlackTeam "SV 1920 Kelsterbach"]

1. d4 Nf6 2. Nf3 e6 3. e3 c5 4. a3 cxd4 5. exd4 d6 6. Bd3 Nc6 7. O-O Be7 8. b3
O-O 9. Bb2 b6 10. Nbd2 Bb7 11. Re1 h6 12. b4 Qc7 13. Rc1 Rac8 14. Nb3 d5 15.
Nbd2 Bd6 16. Ne5 a6 17. c4 dxc4 18. Ndxc4 b5 19. Na5 Bxe5 20. dxe5 Nd5 21. Nxb7
Qxb7 22. Be4 Nce7 23. Qf3 Rc7 24. Rxc7 Qxc7 25. Rc1 Qd7 26. Qd3 Rc8 27. Rxc8+
Qxc8 28. Qc2 Nc7 29. Bd4 Ned5 30. Bxd5 Qd7 31. Qc6 Qxd5 32. Qxd5 Nxd5 33. Kf1
g6 34. g3 h5 35. Ke2 Kf8 36. Kd3 Ke7 37. h3 Kd7 38. f3 Ne7 39. g4 hxg4 40. fxg4
Nc6 41. h4 Ke8 42. Ke4 Kf8 43. Bc3 Kg7 44. Kf3 Ne7 45. Ke4 Nd5 46. Bd2 Nb6 47.
Kd4 Nc4 48. Bc1 a5 49. g5 axb4 50. axb4 Kf8 51. Kc5 Nxe5 52. Kxb5 Ke8 53. Ka6
Kd7 54. b5 Kc8 55. Ka7 Kd7 56. Bf4 Nc6+ 57. bxc6+ Kxc6 58. Kb8 Kd5 59. Kc7 e5
60. Bg3 Ke6 61. Kc6 f6 62. gxf6 Kxf6 63. Kd5 g5 64. h5 g4 65. Bh4+ Kg7 66. Bg5
g3 67. Kxe5 g2 68. Be3 g1=Q 69. Bxg1 Kh6 70. Be3+ Kxh5 1/2-1/2

[Event "Sparkassen-Open B"]
[Site "Heusenstamm, Martinsee"]
[Date "2022.11.19"]
[Round "4.14"]
[White "Mandalka, Justus"]
[Black "Spiegel, Nina"]
[Result "1-0"]
[WhiteElo "1464"]
[BlackElo "1539"]
[PlyCount "139"]
[EventDate "2022.??.??"]
[WhiteTeam "SK Bad Homburg 1927"]
[BlackTeam "Sfr Stiller Zug Wiesbaden"]

1. e4 c5 2. Nf3 g6 3. g3 Bg7 4. Bg2 Nc6 5. O-O e5 6. Re1 Nge7 7. c3 O-O 8. d3
d6 9. Be3 h6 10. Qd2 Kh7 11. d4 cxd4 12. cxd4 f5 13. Nc3 f4 14. gxf4 exf4 15.
Bxf4 Nxd4 16. Nxd4 Bxd4 17. Qxd4 Rxf4 18. Rad1 Bg4 19. Qxd6 Qf8 20. Rd2 Re8 21.
e5 Bf3 22. Bxf3 Rxf3 23. Ne4 Ng8 24. Qxf8 Rfxf8 25. Nd6 Re7 26. Re4 h5 27. f4
Nh6 28. Ra4 a6 29. Kg2 Ng4 30. Rd3 g5 31. h3 Nh6 32. fxg5 Nf5 33. Re4 Nxd6 34.
Rxd6 Rf5 35. h4 Rfxe5 36. Rxe5 Rxe5 37. Rd7+ Kg6 38. Rxb7 Kf5 39. Kf3 a5 40. b4
axb4 41. Rxb4 Rc5 42. Ke3 Rc3+ 43. Kd4 Ra3 44. Rb5+ Kg6 45. Rb6+ Kg7 46. Kc5
Ra4 47. Rb7+ Kg6 48. Rb6+ Kg7 49. Kb5 Rxh4 50. a4 Rg4 51. a5 Rxg5+ 52. Ka4 Rg4+
53. Rb4 Rg6 54. Kb5 Rg5+ 55. Kb6 Rg4 56. Rb5 h4 57. a6 Kh6 58. a7 Rg6+ 59. Ka5
Rg1 60. Ka6 h3 61. a8=Q Ra1+ 62. Ra5 Rxa5+ 63. Kxa5 Kg5 64. Qh1 Kg4 65. Kb4 Kg3
66. Kc3 h2 67. Kd3 Kh3 68. Ke3 Kg3 69. Qf1 Kh4 70. Qg2 1-0

[Event "Sparkassen-Open B"]
[Site "Heusenstamm, Martinsee"]
[Date "2022.11.19"]
[Round "4.15"]
[White "Ghaznavi, Massoud"]
[Black "Jordake, Michael"]
[Result "1-0"]
[WhiteElo "1594"]
[BlackElo "1697"]
[PlyCount "155"]
[EventDate "2022.??.??"]
[WhiteTeam "SV Oberursel"]
[BlackTeam "SC Bergen-Enkheim 1922"]

1. e4 e5 2. Bc4 Nf6 3. d3 Nc6 4. a3 g6 5. Nc3 Bg7 6. Bg5 Ne7 7. Nf3 d6 8. h3 h6
9. Be3 c6 10. Ne2 O-O 11. Qd2 d5 12. exd5 cxd5 13. Ba2 e4 14. Nfd4 Kh7 15. f3
exd3 16. Qxd3 Nf5 17. Nxf5 Bxf5 18. Qd2 Rc8 19. Bb3 Re8 20. Kf2 b6 21. c3 g5
22. g4 Be6 23. h4 gxh4 24. g5 d4 25. Bc2+ Kg8 26. Nxd4 Nd5 27. gxh6 Nxe3 28.
hxg7 Bc4 29. Be4 Rxe4 30. fxe4 Ng4+ 31. Ke1 Qd6 32. Nf5 Qxd2+ 33. Kxd2 Rd8+ 34.
Nd4 Ne5 35. Ke3 Ng6 36. Rad1 Re8 37. Nf5 Be6 38. Nxh4 Kxg7 39. Nxg6 fxg6 40.
Rd4 Re7 41. c4 g5 42. b4 g4 43. Rg1 Rf7 44. Rg3 Kf6 45. Rd6 Rg7 46. Kf4 Ke7 47.
c5 Rf7+ 48. Ke3 bxc5 49. bxc5 Bc8 50. Rg6 Rh7 51. Kf4 Rf7+ 52. Ke3 Rh7 53. e5
Kf7 54. Rc6 Rh8 55. Rf6+ Ke7 56. Kf4 Rh5 57. Rc6 Rf5+ 58. Ke4 Rf3 59. Rxc8 Rxg3
60. Rc7+ Ke6 61. Rxa7 Rc3 62. Ra6+ Ke7 63. Kd4 Rb3 64. a4 g3 65. Rg6 Kf7 66.
Rg5 Ke6 67. Kc4 Ra3 68. Kb4 Re3 69. a5 Kd5 70. a6 Kc6 71. Rg6+ Kc7 72. e6 g2
73. Rxg2 Rxe6 74. Kb5 Kb8 75. c6 Ka7 76. Rg7+ Ka8 77. Kb6 Re8 78. Ra7+ 1-0

[Event "Sparkassen-Open B"]
[Site "Heusenstamm, Martinsee"]
[Date "2022.11.19"]
[Round "4.16"]
[White "Burlutskaia, Maria"]
[Black "Kanno, Clara Yumi"]
[Result "1-0"]
[WhiteElo "1522"]
[BlackElo "1243"]
[PlyCount "63"]
[EventDate "2022.??.??"]
[WhiteTeam "SG Porz"]
[BlackTeam "SF Essen-Werden 1924/80"]

1. e4 c5 2. Nc3 d6 3. f4 Nc6 4. Bb5 a6 5. Bxc6+ bxc6 6. d3 Qc7 7. Nf3 e6 8. O-O
Ne7 9. Qe1 g6 10. h3 Bg7 11. Bd2 O-O 12. g4 Qb6 13. Rb1 d5 14. Kg2 Bd7 15. Qh4
Nc8 16. f5 exf5 17. exf5 gxf5 18. Ng5 h6 19. Nf3 fxg4 20. hxg4 Qd8 21. g5 Nd6
22. Qh5 f6 23. gxh6 Be8 24. Qh4 Bh8 25. h7+ Kg7 26. Qh6+ Kf7 27. Rbe1 Nf5 28.
Ng5+ fxg5 29. Rxf5+ Bf6 30. Bxg5 Bd7 31. Rxf6+ Qxf6 32. Qxf6# 1-0

[Event "Sparkassen-Open B"]
[Site "Heusenstamm, Martinsee"]
[Date "2022.11.19"]
[Round "4.17"]
[White "Rödel, Jannis"]
[Black "Sasikumar Anitha, Sarvesh"]
[Result "1-0"]
[WhiteElo "1451"]
[BlackElo "1563"]
[PlyCount "133"]
[EventDate "2022.??.??"]
[WhiteTeam "SVG CAISSA Kassel"]
[BlackTeam "TuS Makkabi Ffm"]

1. c4 e6 2. g3 d5 3. Bg2 Nf6 4. b3 c5 5. Bb2 Nc6 6. e3 dxc4 7. bxc4 Be7 8. d3
Qb6 9. Bc3 O-O 10. Nf3 Rd8 11. O-O Ne4 12. Qe2 Nxc3 13. Nxc3 Bf6 14. Rab1 Qc7
15. Ne4 Qe7 16. Rfd1 b6 17. Nxf6+ Qxf6 18. d4 cxd4 19. exd4 Bb7 20. Ne5 Nxd4
21. Rxd4 Rxd4 22. Bxb7 Rb8 23. Bg2 Rc8 24. f4 Qf5 25. Re1 f6 26. Nc6 Rd7 27.
Qxe6+ Qxe6 28. Rxe6 Kf8 29. Bd5 Rcc7 30. f5 Rc8 31. Kf2 b5 32. Ke3 bxc4 33.
Bxc4 Rd1 34. Ke4 Rc1 35. Kd5 Rc2 36. h3 Rc3 37. g4 Rxh3 38. Kd6 Re8 39. Kd7
Rxe6 40. fxe6 Re3 41. e7+ Rxe7+ 42. Nxe7 g6 43. Nc6 h5 44. gxh5 gxh5 45. Nxa7
h4 46. Bd5 Kg7 47. Bg2 Kg6 48. Nc6 Kg5 49. Ke6 f5 50. Ne5 Kf4 51. Ng6+ Kg4 52.
Nxh4 Kxh4 53. Kxf5 Kg3 54. a4 Kxg2 55. a5 Kf3 56. a6 Ke3 57. a7 Kd4 58. a8=Q
Kc4 59. Qe4+ Kc5 60. Ke5 Kb5 61. Kd5 Kb6 62. Qc4 Kb7 63. Qc5 Kb8 64. Qc6 Ka7
65. Qb5 Ka8 66. Kc6 Ka7 67. Qb7# 1-0

[Event "Sparkassen-Open B"]
[Site "Heusenstamm, Martinsee"]
[Date "2022.11.19"]
[Round "4.18"]
[White "Griesche, Robby"]
[Black "Spelleken, Hans-Gerd"]
[Result "0-1"]
[WhiteElo "1593"]
[BlackElo "1678"]
[PlyCount "94"]
[EventDate "2022.??.??"]
[WhiteTeam "SV Worms 1878"]
[BlackTeam "SC Kahl"]

1. c4 Nf6 2. Nc3 e5 3. g3 Bc5 4. Bg2 O-O 5. e3 Nc6 6. Nge2 Re8 7. O-O d6 8. h3
a6 9. a3 Ne7 10. d4 exd4 11. exd4 Ba7 12. Bg5 Kh8 13. Qd2 Neg8 14. Rad1 c6 15.
d5 c5 16. Kh2 Bf5 17. g4 Bd7 18. Ng3 h6 19. Bf4 g5 20. Bxd6 Bxg4 21. hxg4 Qxd6
22. Kh3 Nxg4 23. Kxg4 Qd7+ 24. Nf5 Nf6+ 25. Kg3 Qxf5 26. Bh3 Nh5+ 27. Kh2 Bb8+
28. d6 Qe5+ 29. Kh1 Rd8 30. Rfe1 Qxd6 31. Qxd6 Bxd6 32. Ne4 Bf8 33. Bg4 Nf4 34.
Nf6 Rd4 35. Rxd4 cxd4 36. Bf3 d3 37. Nd5 Bd6 38. Rd1 Rc8 39. Nxf4 Bxf4 40. Rxd3
Rc7 41. Bd5 Be5 42. Rb3 Bd4 43. f3 b6 44. Kg2 Re7 45. Kg3 Kg7 46. Kg4 Re2 47.
c5 f5+ 0-1

[Event "Sparkassen-Open B"]
[Site "Heusenstamm, Martinsee"]
[Date "2022.11.19"]
[Round "4.19"]
[White "Wibmer, Michael"]
[Black "Goodwin, David"]
[Result "1-0"]
[WhiteElo "1670"]
[BlackElo "1497"]
[PlyCount "50"]
[EventDate "2022.??.??"]
[WhiteTeam "SV Gifhorn"]
[BlackTeam "SV 1920 Kelsterbach"]

1. e4 g6 2. d4 Bg7 3. Nc3 d6 4. Be3 Nd7 5. Qd2 e5 6. Nf3 Nf8 7. O-O-O Bg4 8.
Bc4 h6 9. dxe5 Bxf3 10. gxf3 Bxe5 11. f4 Bxc3 12. Qxc3 Rh7 13. e5 Qe7 14. exd6
cxd6 15. Rhe1 Ne6 16. Qb4 Qc7 17. Rxd6 Ne7 18. Bxe6 fxe6 19. Rxe6 Rd8 20. Bxa7
Rd7 21. Bc5 Rf7 22. Bxe7 Rdxe7 23. Rxe7+ Rxe7 24. Rxe7+ Qxe7 25. Qxe7+ Kxe7 1-0

[Event "Sparkassen-Open B"]
[Site "Heusenstamm, Martinsee"]
[Date "2022.11.19"]
[Round "4.20"]
[White "Rotärmel, Leonie"]
[Black "Schneider, Udo"]
[Result "1/2-1/2"]
[WhiteElo "1579"]
[BlackElo "1667"]
[PlyCount "22"]
[EventDate "2022.??.??"]
[WhiteTeam "SK Bad Homburg 1927"]
[BlackTeam "SK Marburg 1931/72"]

1. e4 c5 2. Nf3 d6 3. d4 cxd4 4. Nxd4 Nf6 5. Nc3 g6 6. Be3 Bg7 7. Be2 a6 8. a4
Bd7 9. O-O h5 10. h3 Bc6 11. Bf3 Bd7 1/2-1/2

[Event "Sparkassen-Open B"]
[Site "Heusenstamm, Martinsee"]
[Date "2022.11.19"]
[Round "4.21"]
[White "Fettig, Konrad"]
[Black "Lasschuit, Rene"]
[Result "0-1"]
[WhiteElo "1528"]
[BlackElo "1660"]
[PlyCount "32"]
[EventDate "2022.??.??"]
[WhiteTeam "SC ML Kastellaun"]
[BlackTeam "SV Berolina Mitte"]

1. e4 c5 2. Nf3 e6 3. d4 cxd4 4. Nxd4 Nf6 5. Nc3 Nc6 6. Ndb5 Bb4 7. Nd6+ Ke7 8.
Bd2 Bxd6 9. f4 Bc5 10. g4 h6 11. Qf3 Nd4 12. Qd1 d5 13. e5 Ne4 14. Na4 Qc7 15.
Nxc5 Qxc5 16. Be2 Nxc2+ 0-1

[Event "Sparkassen-Open B"]
[Site "Heusenstamm, Martinsee"]
[Date "2022.11.19"]
[Round "4.22"]
[White "Jansen, Malte"]
[Black "Pichl, Christoph"]
[Result "0-1"]
[WhiteElo "1396"]
[BlackElo "1643"]
[PlyCount "46"]
[EventDate "2022.??.??"]
[WhiteTeam "SJ Herborn 1998"]
[BlackTeam "SK Bad Homburg 1927"]

1. e4 c6 2. d4 d5 3. exd5 cxd5 4. Nf3 Nf6 5. Bg5 Bg4 6. Nbd2 Nc6 7. c3 e6 8.
Qc2 Be7 9. Bd3 Rc8 10. O-O h6 11. Bh4 Bxf3 12. Nxf3 O-O 13. Qd2 a6 14. Rfe1 b5
15. a4 Qb6 16. axb5 axb5 17. Qe2 b4 18. Ne5 Qd8 19. Rec1 Nxe5 20. Qxe5 Nd7 21.
Bxe7 Nxe5 22. Bxd8 Nxd3 23. Rc2 Rfxd8 0-1